| 000 | 00583nam a22001937a 4500 | ||
|---|---|---|---|
| 005 | 20241205061017.0 | ||
| 008 | 241205b |||||||| |||| 00| 0 eng d | ||
| 040 |
_aIN-DiNC _cIN-DiNC |
||
| 041 | _dasm | ||
| 082 |
_a823 _bDOY |
||
| 100 |
_aDoyle, Arthur Conan _eauthor |
||
| 245 |
_aBilupta jagat (The Lost World)/ _cby Arthur Conan Doyle and translated by Raihan Shah |
||
| 250 | _a6th ed. | ||
| 260 |
_aGuwahati: _bPublication Board Assam, _c2014. |
||
| 300 | _a211p. | ||
| 650 | _aEnglish Novel translated to Assamese | ||
| 700 |
_aShah, Raihan _eTranslator |
||
| 942 |
_2ddc _cBK |
||
| 999 |
_c12029 _d12029 |
||